Five plays (Record no. 65964)
[ view plain ]
| 000 -LEADER | |
|---|---|
| fixed length control field | 00497nam a2200181Ia 4500 |
| 001 - CONTROL NUMBER | |
| control field | 64864 |
| 008 - FIXED-LENGTH DATA ELEMENTS--GENERAL INFORMATION | |
| fixed length control field | 211029n ii |||gr||||Z||||||465 |
| 020 ## - INTERNATIONAL STANDARD BOOK NUMBER | |
| International Standard Book Number | 9788170460268 |
| 082 ## - DEWEY DECIMAL CLASSIFICATION NUMBER | |
| Classification number | 895 |
| 100 ## - MAIN ENTRY--PERSONAL NAME | |
| Personal name | Devi, Mahasweta, |
| Relator term | Author. |
| 245 #0 - TITLE STATEMENT | |
| Title | Five plays |
| Statement of responsibility, etc. | Mahasweta Devi |
| Medium | Textual Documents |
| 260 ## - PUBLICATION, DISTRIBUTION, ETC. | |
| Place of publication, distribution, etc. | Calcutta: |
| Name of publisher, distributor, etc. | Seagull Books, |
| Date of publication, distribution, etc. | 1997. |
| 300 ## - PHYSICAL DESCRIPTION | |
| Extent | xxi, 198 p.: |
| Dimensions | 17 cm. |
| 653 ## - INDEX TERM--UNCONTROLLED | |
| Uncontrolled term | Literatures of East & Southeast Asia |
| 653 ## - INDEX TERM--UNCONTROLLED | |
| Uncontrolled term | Play |
| 653 ## - INDEX TERM--UNCONTROLLED | |
| Uncontrolled term | English literature |
| 942 ## - ADDED ENTRY ELEMENTS (KOHA) | |
| Source of classification or shelving scheme | Dewey Decimal Classification |
| Koha item type | Books |
| Withdrawn status | Lost status | Damaged status | Not for loan | Collection | Home library | Current library | Date acquired | Source of acquisition | Coded location qualifier | Cost, normal purchase price | Total checkouts | Full call number | Barcode | Date last seen | Copy number | Price effective from | Koha item type | Public note |
|---|---|---|---|---|---|---|---|---|---|---|---|---|---|---|---|---|---|---|
| Dr. Suryya Kumar Bhuyan Library | Dr. Suryya Kumar Bhuyan Library | 29/10/2021 | 34 | 00000 | 325.00 | 895 D495F | 895 | 14/01/2024 | 1 | 29/10/2021 | Books | 34 |
